00815nam a2200169Ia 4500008004100000020002200041050002000063245002600083250001100109260004700120300001800167505026800185650006100453942001200514952010200526999001700628120622s2014 mx 000 0 spa d a978-607-406-573-2 aKGF761 A28 2014 aAgenda civil del D.F. a30a ed aMéxico b: Ediciones Fiscales ISEFc2014 apag. varías aContenido: Código civil para el Distrito Federal . -- Código de procedimientos civiles para el Distrito Federal. -- Código civil federal. -- Código federal de procedimientos civiles. -- Ley de propiedad en condominio de inmuebles para el Distritio Federal aDERECHO CIVILx LEGISLACION zDISTRITO FEDERAL (MEXICO) cLB2lcc 00102lcc4070a11b11d2014-08-20l0oKGF761 A28 2014p11 010854r2014-08-20t1w2014-08-20yLB c93635d93635